Sleepy Disney Quiz Stats

 Plays Quiz Updated Jul 28, 2017

Support Sporcle.
Go Orange.
Score 0/35 Timer 07:00
4 Plays Today
% Correct
Sleeping Beauty
98.8%
Lady and the Tramp
95.8%
The Jungle Book
94.4%
Mulan
92.4%
Cinderella
90.9%
Bambi
90.3%
Lilo & Stitch
88.8%
The Many Adventures of Winnie the Pooh
88%
Hercules
86.9%
Tarzan
86.1%
Peter Pan
85.6%
The Lion King
84.4%
Frozen
84%
Moana
83.9%
The Emperor's New Groove
82.1%
Big Hero 6
81.3%
Snow White and the Seven Dwarfs
79.9%
One Hundred and One Dalmatians
77.5%
% Correct
The Aristocats
76.6%
The Princess and the Frog
76.2%
Robin Hood
74.4%
The Little Mermaid
73.3%
Aladdin
72.5%
Dumbo
71.2%
The Hunchback of Notre Dame
66%
The Rescuers Down Under
64.9%
The Sword in the Stone
62.6%
Pinocchio
53.8%
Oliver & Company
53.1%
Alice in Wonderland
51.9%
Bolt
42.1%
Atlantis: The Lost Empire
38.9%
Meet the Robinsons
33.2%
Wreck-It Ralph
30.2%
Fantasia 2000
18.6%

You're not logged in!

Compare scores with friends on all Sporcle quizzes.
OR
Log In
Forgot?

From the Vault

15-Letter Vocabulary (Medium)

by Tom007

Now's not the time for procrastination.
Remove Ads.
Support Sporcle.
Get the best of Sporcle when you Go Orange. This ad-free experience offers more features, more stats, and more fun while also helping to support Sporcle. Thank you for becoming a member.

Show Comments

Extras

Top Quizzes Today


Score Distribution

Your Account Isn't Verified!

In order to create a playlist on Sporcle, you need to verify the email address you used during registration. Go to your Sporcle Settings to finish the process.

Report this User

Report this user for behavior that violates our Community Guidelines.

Details: